000 00322nam a2200133Ia 4500
005 20260326100024.0
008 260326s9999||||xx |||||||||||||| ||und||
100 _aGutheim, Frederick
245 0 _aAlvar Aalto /
_cFrederick Gutheim
260 _bGeorge Brazilier
300 _a128 p.
650 _aARQUITECTOS
942 _cBK
999 _c6309
_d6309